01482 2200409 4500001002100000005001500021035002000036007000300056008004100059020002200100082001400122084001600136100003300152245024300185250003400428300004100462650001600503700003300519700003200552700003400584700004000618700003600658700003700694700003000731700002800761700004100789264003400830336002100864337003000885338002300915040002200938090002200960850001200982504003400994999002201028990002201050INLIS00000000089208820241218101825 a0010-1224000635ta241218s2024 yoia g ind d a978-623-261-745-204223a615.1 a615.1 IND b0 aIndri Kusuma DewiePengarang10aBuku ajar farmasetika /cIndri Kusuma Dewi, Dara Andini Putri, Fransisca Gloria, Ratih Dyah Pertiwi, Fajar Agung Dwi Hartanto, Angelica Kresnamurti, Wulan Agustin Ningrum, Anita Mursiany, Nina Wijiani; penyunting, Wiladatika Ulya Aprilina aCetakan pertama, Oktober 2024 ax, 264 halaman :bilustrasi ;c23 cm 4aFarmakologi0 aDara Andini PutriePengarang0 aFransisca GloriaePengarang0 aRatih Dyah PertiwiePengarang0 aFajar Agung Dwi HartantoePengarang0 aAngelica KresnamurtiePengarang0 aWulan Agustin NingrumePengarang0 aAnita MursianyePengarang0 aNina WijianiePengarang0 aWiladatika Ulya AprilinaePenyunting31aBantul :bSamudra Biru,c2024 2rdacontentateks 2rdamediaatanpa perantara 2rdacarrieravolume aYOPDYOGbinderda aCB-D.11 2024-3908 aYOPDYOG aBibliografi : halaman 241-251 aCB-D.11/2024-3908 aCB-D.11/2024-3908